000 00410nam a2200157Ia 4500
999 _c677
_d677
020 _a0-7201-1824-7
082 _a010.01 KRU-;
100 _aKrummel, D.W.
245 0 _aBibliographies: their aims and methods
260 _aLondon
_bMansell Publishing
_c1984
300 _avi, 192p.
504 _aIncludes index
650 _aBibliography of bibliographies
650 _aBibliography - Methodology
942 _cBK